| 000 | 00000nam##2200000za#4500 |
| 001 | 9.569614 |
| 003 | CaOODSP |
| 005 | 20210624181843 |
| 007 | cr ||||||||||| |
| 008 | 150406|1996||||xxc|||||o f|0| 0 eng|d |
| 040 | |aCaOODSP|beng |
| 043 | |an-cn--- |
| 086 | 1 |aNH15-165/1996E-PDF |
| 110 | 2 |aCanada Mortgage and Housing Corporation. |
| 245 | 10|aRemoving barriers to the redevelopment of contaminated sites for housing / |h[electronic resource]|c[prepared by] Delcan, Golder Associates and McCarthy-Tétrault. |
| 260 | |aOttawa - Ontario : |bCanada Mortgage and Housing Corporation |c1996. |
| 300 | |a135p.|bfigs., glossary, references, tables |
| 490 | 1 |aResearch report |
| 590 | |a11-06-Supp|b2011-04-14 |
| 775 | 08|tÉlimination des obstacles au réaménagement des terrains contaminés à des fins résidentielles : |w(CaOODSP)9.600626 |
| 830 | #0|aResearch report (Canada Mortgage and Housing Corporation : Online)|w(CaOODSP)9.506068 |
| 856 | 40|ahttp://publications.gc.ca|qPDF|s2.07 MB|uhttps://publications.gc.ca/collections/collection_2011/schl-cmhc/nh18-1/NH15-165-1996-eng.pdf |